| 000 | 00534nam a2200217Ia 4500 | ||
|---|---|---|---|
| 003 | OSt | ||
| 005 | 20220924134401.0 | ||
| 006 | a|||||r|||| 00| 0 | ||
| 007 | ta | ||
| 008 | 220923b |||||||| |||| 00| 0 snd d | ||
| 024 | _a273967 | ||
| 037 | _cTextual | ||
| 040 |
_aARTS _cARTS _bsnd |
||
| 041 |
_2snd _asnd |
||
| 082 | _aO1593,1NSUx, [J7] | ||
| 100 |
_aSukhwani _9207408 |
||
| 245 | 0 | _aHik roshni hik mod | |
| 260 | _c1957 | ||
| 942 |
_hO1593,1NSUx, [J7] _cTEXL _2CC |
||
| 999 |
_c437322 _d437322 |
||